Ultimate Pizza Topping Quiz - Statistics

General Stats
  • This quiz has been taken 76 times
  • The average score is 8 of 26
Answer Stats
Answer % Correct
Pepperoni
95%
Ham
78%
Pineapple
74%
Sausage
67%
Tomato
67%
Mushrooms
57%
Bacon
55%
Onions
52%
Chicken
50%
Anchovies
41%
Jalapeño
31%
Spinach
31%
Black olives
26%
Garlic
24%
Salami
19%
Meatball
16%
Artichoke
12%
Broccoli
10%
Green olives
10%
Prosciutto
3%
Banana peppers
2%
Cilantro
2%
Fresh basil
0%
Green Bell Peppers
0%
Roasted bell pepper
0%
Sun-dried tomatoes
0%
No matching quizzes found
Score Distribution
Percent of People with Each Score
Percentile by Number Answered
Your Score History
You have not taken this quiz